000
00290nam a2200121Ia 4500
008
140130s9999 xx 000 0 und d
245
_c
Blevins, Wiley
_a
Don't call me chicken
260
_b
Scholastic,
_c
2006
440
_v
1
521
_a
Grade 1 - Grade 2
942
_c
BK
999
_c
40295
_d
40295